| 000 | 00724nam a22001817a 4500 | ||
|---|---|---|---|
| 999 |
_c14970 _d14970 |
||
| 003 | OSt | ||
| 082 | _2664 SEE/DE | ||
| 088 | _aT 349 | ||
| 100 |
_aSEEMA B.R _93591 |
||
| 245 | _aDevelopment and equality evaluation of millet fortified tuber based extruded RTE products | ||
| 260 |
_aTavanur 2016 _bDepartment of Food and Agricultural Process Engineering |
||
| 300 | _a163 | ||
| 500 | _aDevelopment and equality evaluation of millet fortified tuber based extruded RTE products | ||
| 520 | _aDevelopment and equality evaluation of millet fortified tuber based extruded RTE products | ||
| 700 |
_aDr. Sudheer K.P (Guide) _93843 |
||
| 856 | _uhttps://drive.google.com/open?id=1-fKYNMOIWOuAW6z_ZdAoue4ycr0cdw8N | ||
| 942 | _cTH | ||